1437 1677 1694 1282 1782 1929 1681 1487 1027 1516 1285 1702 1629 1533 1004 1685 1880 1847 1632 1066 1549 1987 1053 1648 1454 1256 1884 1926 1770 1279 1326 1216 1326 1778 1190 1370 1838 1969 1830 1974 1780 1023 1188 1176 1407 1732 1419 1939 1009 1702 1560 1939 1428 1290 1524 1542 1493 1967 1514 1638 1597 1654 1316 1761 1308 1526 1534 1267 1372 1220 1821 1199 1328 1995 1308 1764 1001 1922 1009 1644 1144 1187 1635 1641 1011 1903 1624 1145 1268 1794 1771 1482 1975 1090 1085 1303 1904 1909 1945 BCNSPRNW ULIB Ver.6.0+V

เปลี่ยนเป็นภาษาไทย

Change to English
 แสดงรายละเอียดบรรณานุกรม
  กลับหน้าหลัก

Brief Record : Get Marc (ISO 2709) : E-mail record : QR code < ปิดหน้าต่าง
LEADER : 00000nam 2200000uu 4500
001    13399114090
003     ULIB
008    120216s2543||||th 000 0 tha d
020    ^a9742933251
060 04 ^aWA525^bส691ร 2543
245 00 ^aร่วมผ่าทางตันเพื่อสุขภาพคนไทย /^cโดยสำนักงานปฏิรูประบบสุขภาพ
250    ^aพิมพ์ครั้งที่ 1
260    ^aกรุงเทพฯ :^bสถาบันวิจัยระบบสาธารณสุข,^c2543
300    ^a(6), 63 หน้า :^bภาพประกอบ ;^c21 ซม.
650  7 ^aสุขภาพ
650  7 ^aสาธารณสุข^zไทย
710 2  ^aสำนักงานปฏิรูประบบสุขภาพ
710 2  ^aสถาบันวิจัยระบบสาธารณสุข
945    ^p60^l0^i11094
945    ^p60^l0^i12436
945    ^p60^l0^i12437
945    ^p60^l0^i11676
995    ^aกัณชพร
999    ^aใช้งานได้ทุกระบบ
รายการนี้ยังไม่มีแท็ก
คุณยังไม่ได้ล็อกอิน คุณสามารถมีกิจกรรมร่วมกับเว็บไซต์ได้ แต่ต้องล็อกอินก่อน ::
  ล็อกอิน

รายการสื่อสารสนเทศ

ลำดับที่ ประเภท เลขเรียก/บาร์โค้ด สถานที่ สถานะ
- ไม่พบข้อมูล -

รายการใกล้เคียง
    หัวเรื่อง [สุขภาพ]

BibComment


ยังไม่เคยถูกคอมเมนท์

คอมเมนท์ทรัพยากรรายการนี้
  คอมเมนท์: ร่วมผ่าทางตันเพื..


 Copyright 2026. Bcnsprnw @Library